00714nam a2200181Ia 4500001001000000003000500010008004100015010001100056040000900067100002800076245017200104260003800276300001000314502010200324650004000426650001700466710004900483Para_5800CHAP220125s1975 xx 000 0 und d a202636 cCHAP aGarcía Valle, Rubén aAnálisis de las aplicaciones comerciales de insecticidas al cultivo del algodonero, en el Valle del Yaqui, Sonora, durante 1973 y 1974 /c por Rubén García Valle a1. Chapingo, Méx. :b el autor a63 h. aTesis (Ing. Agr. Esp. en Parasitología Agrícola) ENA. Departamento Parasitología Agrícola aAlgodón x Valle del Yaqui, Son.  aInsecticidas aENA. Departamento Parasitología Agrícola